[Event "Tbilisi"]
[Site "Tbilisi"]
[Date "1985.??.??"]
[Round "?"]
[White "Krasenkow, Michal"]
[Black "Nenashev, Alexander"]
[Result "1-0"]
[WhiteElo "2635"]
[BlackElo "2405"]

1.d4 d5 2.c4 e6 3.Nc3 c6 4.Nf3 dxc4 5.Bg5 f6 6.Bf4 Ne7 7.e4 Ng6 8.Bd2 b5
9.h4 Bb4 10.h5 Ne7 11.h6 g6 12.b3 cxb3 13.Qxb3 a5 14.a4 Bxc3 15.Bxc3 b4 16.Bb2 Na6
17.d5 exd5 18.Bxf6 O-O 19.Qb2 Nc5 20.Bh4 d4 21.Nxd4 Rf7 22.Nxc6 Qd3 23.Nxe7+ Rxe7
24.Bxe7 Qxe4+ 25.Qe2 Nd3+ 26.Kd2 Qd4 27.Qxd3 Qb2+ 28.Ke3 Be6 29.Qd4  1-0

[Event "URS-ch otbor"]
[Site "Norilsk"]
[Date "1987.??.??"]
[Round "?"]
[White "Sorokin, Maxim"]
[Black "Krasenkow, Michal"]
[Result "1-0"]
[WhiteElo "2380"]
[BlackElo "2380"]

1.e4 c5 2.Nf3 Nc6 3.d4 cxd4 4.Nxd4 Nf6 5.Nc3 e5 6.Ndb5 d6 7.Bg5 a6 8.Na3 b5
9.Nd5 Be7 10.Nxe7 Nxe7 11.f3 d5 12.exd5 Nexd5 13.c4 bxc4 14.Nxc4 O-O 15.Be2 Qc7
16.O-O Be6 17.Rc1 a5 18.Kh1 a4 19.Bd3 Nb4 20.Bxf6 gxf6 21.Be4 Nxa2 22.Qd2 Rfd8
23.Qh6 f5 24.Ne3 Nxc1 25.Bxf5 Ra6 26.Bxh7+ Kh8 27.Bf5+ Kg8 28.Bh7+ Kh8 29.Bd3+ Kg8
30.Bxa6 Rd6 31.Qg5+ Kf8 32.Qxe5 Nb3 33.Bc4 Nd2 34.Re1 Nxc4 35.Nxc4 Rc6 36.Qh8+ Ke7
37.Qh4+ Ke8 38.Qh8+ Ke7 39.Ne3 Rc1 40.Qh4+ Kf8 41.h3 Rxe1+ 42.Qxe1 Qe5 43.Qb4+  1-0

[Event "URS-ch otbor"]
[Site "Norilsk"]
[Date "1987.??.??"]
[Round "?"]
[White "Piskov, Yury"]
[Black "Krasenkow, Michal"]
[Result "1/2-1/2"]
[WhiteElo "2420"]
[BlackElo "2380"]

1.d4 d5 2.c4 e6 3.Nc3 Be7 4.cxd5 exd5 5.Bf4 Nf6 6.e3 Bf5 7.Bd3 Bxd3 8.Qxd3 c6
9.Nf3 Nbd7 10.h3 Nf8 11.a3 Ne6 12.Be5 O-O 13.O-O Nd7 14.b4 Nxe5 15.Nxe5 Nc7
16.Na4 Ne6 17.Nc3 Nc7 18.Na4 Ne6 19.Nc3  1/2-1/2

[Event "URS-ch otbor"]
[Site "Norilsk"]
[Date "1987.??.??"]
[Round "?"]
[White "Krasenkow, Michal"]
[Black "Sveshnikov, Evgeny"]
[Result "1-0"]
[WhiteElo "2380"]
[BlackElo "2490"]

1.e4 c5 2.Nf3 Nc6 3.d4 cxd4 4.Nxd4 e5 5.Nb5 d6 6.c4 Be6 7.N1c3 a6 8.Na3 Rc8
9.Be3 Nf6 10.Be2 Be7 11.O-O O-O 12.Rc1 Ne8 13.Nd5 Bg5 14.Bb6 Qd7 15.Rc3 Nf6
16.Nxf6+ Bxf6 17.Rd3 Qe7 18.Rxd6 Nd4 19.c5 Nxe2+ 20.Qxe2 Qe8 21.b4 Qa4 22.Qb2 Be7
23.Rxe6 fxe6 24.Nc4 Rf6 25.Nxe5 a5 26.Bxa5 Bxc5 27.bxc5 Qxa5 28.Nd7 Rf7 29.Qxb7 Qc7
30.Qxc7 Rxc7 31.c6 Rf4 32.f3 g5 33.Rb1 Rxc6 34.g3 Rxf3 35.Ne5 Rcc3 36.Nxf3 Rxf3
37.Rb3 Rf7 38.a4 Ra7 39.Ra3 Ra5 40.Kf2 Kf7 41.Ke3 g4 42.Kd4 Ke7 43.Kc4 Kd6
44.Kd4 Kd7 45.Ke3 Ke7 46.Kf4 h5 47.Ke3 Kd6 48.Kf4 Ke7 49.Ke3 Kd6 50.Kd4 Kd7
51.Ra2 Kd6 52.Kc4 Ke5 53.Kb4 Ra8 54.Re2 Rb8+ 55.Kc5 Ra8 56.Kb5 Rb8+ 57.Kc5 Ra8
58.Kb5 Rb8+ 59.Kc6 Ra8 60.Ra2 Kxe4 61.a5 e5 62.Ra3 Kd4 63.Ra4+ Kc3 64.Kd5 Kb3
65.Ra1 Kb2 66.Ra4 Kb3 67.Ra1 Kb2 68.Re1 Rxa5+ 69.Ke6 Ra6+ 70.Kxe5 Kc3 71.Kf5 Ra2
72.Rh1 Kd3 73.Kg6 Ke4 74.Kxh5 Kf5 75.Rf1+ Ke6 76.Kxg4 Rxh2 77.Kg5 Rh8 78.Rf6+ Ke7
79.g4 Rg8+ 80.Rg6 Ra8 81.Rg7+ Kf8 82.Kh6 Ra6+ 83.Kh7 Ra4 84.g5 Rh4+ 85.Kg6 Rg4
86.Rf7+ Kg8 87.Ra7 Kf8 88.Ra8+ Ke7 89.Rg8  1-0

[Event "URS-ch otbor"]
[Site "Norilsk"]
[Date "1987.??.??"]
[Round "?"]
[White "Krasenkow, Michal"]
[Black "Piesina, Gintautas"]
[Result "1-0"]
[WhiteElo "2380"]
[BlackElo "2370"]

1.d4 Nf6 2.c4 e6 3.g3 c5 4.Nf3 cxd4 5.Nxd4 Bb4+ 6.Bd2 Bc5 7.Nb3 Be7 8.Bg2 d6
9.Nc3 Nc6 10.Rc1 Ne5 11.Nb5 O-O 12.O-O a6 13.N5d4 Rb8 14.f4 Nc6 15.Bxc6 bxc6
16.Nxc6 Qb6+ 17.Nbd4 Rb7 18.Ba5 Qc5 19.e3 Rxb2 20.Nxe7+ Kh8 21.Bc3 Rxa2 22.Qb3 Re2
23.Nxe2 Qxe3+ 24.Rf2  1-0

[Event "URS-ch otbor"]
[Site "Norilsk"]
[Date "1987.??.??"]
[Round "?"]
[White "Krasenkow, Michal"]
[Black "Kalinitschew, Sergey"]
[Result "1/2-1/2"]
[WhiteElo "2380"]
[BlackElo "2445"]

1.d4 Nf6 2.c4 e6 3.g3 Bb4+ 4.Bd2 Be7 5.Bg2 d5 6.Nf3 O-O 7.O-O c6 8.Qb3 Qb6
9.Qc2 Nbd7 10.Nc3 Qa6 11.c5 b6 12.b4 Qc4 13.Rfc1 a5 14.b5 cxb5 15.Bf1 b4
16.e3 bxc3 17.Bxc3 Qxc3 18.Qxc3 bxc5 19.dxc5 Nxc5 20.Rab1 Nfe4 21.Qe1 a4
22.Rb6 a3 23.Ne5 Bf6 24.Nd3 Na4 25.Rb3 Nb2 26.Nc5 Nd6 27.e4 Ndc4 28.exd5 exd5
29.Bg2 Ra5 30.Nb7 Bxb7 31.Rxb7 Nd3 32.Qf1 Nxc1 33.Qxc1 Nd6 34.Rd7 Ne4 35.Bxe4 dxe4
36.Qc4 Re5 37.Qb4 e3 38.fxe3 Rxe3 39.Ra7 Bb2 40.Qc4 g6 41.Kg2 Rc3 42.Qe4 Rc5
43.Ra8 Rxa8 44.Qxa8+ Kg7 45.Qe4 h5 46.Qd3 Rf5 47.Qe4 Re5 48.Qd3 Rf5 49.Qe4 Rf6
50.Qd5 Rb6 51.Qc5 Re6 52.Qc4 Bf6 53.Qd3 Be7 54.Qc3+ Kg8 55.Qc8+ Bf8 56.Qc4 Rb6
57.Kf3 Rb2 58.h3 Rh2 59.Qd5 h4 60.Kg4 hxg3 61.Kxg3 Rc2 62.Kf3 Rc3+ 63.Kg2 Rc2+
64.Kf3 Rb2 65.Kg3 Rb4 66.Kf3 Rh4 67.Kg3 Rh5 68.Qd4 Bc5 69.Qd8+ Kg7 70.Qd3 Rf5
71.Qc3+ Kh7 72.Qd3 Be7 73.Kg2 Re5 74.Qd4 Rg5+ 75.Kf3  1/2-1/2

[Event "URS Army-ch"]
[Site "Tashkent"]
[Date "1987.??.??"]
[Round "?"]
[White "Krasenkow, Michal"]
[Black "Glek, Igor V"]
[Result "1/2-1/2"]
[WhiteElo "2535"]
[BlackElo "2490"]

1.d4 d5 2.c4 c6 3.Nf3 Nf6 4.cxd5 cxd5 5.Nc3 Nc6 6.Bf4 Bf5 7.e3 e6 8.Bd3 Bxd3
9.Qxd3 Bd6 10.Bxd6 Qxd6 11.O-O O-O 12.Rfc1 Rfc8 13.Ne2 Ne7 14.Rxc8+ Rxc8
15.Rc1 Rxc1+  1/2-1/2

[Event "Balatonbereny op"]
[Site "Balatonbereny"]
[Date "1988.??.??"]
[Round "1"]
[White "Vancsura, Zoltan"]
[Black "Krasenkow, Michal"]
[Result "1/2-1/2"]
[WhiteElo "2295"]
[BlackElo "2460"]

1.e4 c5 2.Nf3 Nc6 3.d4 cxd4 4.Nxd4 Nf6 5.Nc3 e5 6.Ndb5 d6 7.Bg5 a6 8.Na3 b5
9.Bxf6 gxf6 10.Nd5 f5 11.exf5 Bxf5 12.c3 Bg7 13.Nc2 Be6 14.Nce3 Ne7 15.Be2 Nxd5
16.Nxd5 O-O 17.O-O Rb8 18.Qd2 a5 19.a4 b4 20.cxb4 Bxd5 21.Qxd5 Rxb4 22.Rad1 Rxb2
23.Bb5 Qh4 24.Qxd6 Qb4 25.Qc7 e4 26.Rd8 Rb1  1/2-1/2

[Event "Balatonbereny op"]
[Site "Balatonbereny"]
[Date "1988.??.??"]
[Round "6"]
[White "Krasenkow, Michal"]
[Black "Petran, Pal"]
[Result "1/2-1/2"]
[WhiteElo "2460"]
[BlackElo "2420"]

1.d4 Nf6 2.c4 e6 3.g3 c5 4.d5 exd5 5.cxd5 d6 6.Bg2 g6 7.Nc3 Bg7 8.Nf3 O-O
9.Nd2 a6 10.a4 Nbd7 11.Nc4 Nb6 12.Na3 Bd7 13.a5 Nc8 14.Nc4 Ng4 15.Bf4 Bb5
16.Qb3 Bxc4 17.Qxc4 Ne5 18.Qa2 b5 19.axb6 Nxb6 20.O-O Qe7 21.b3 Rfb8 22.Qc2 Nbd7
23.Ra4 Rb6 24.Rfa1 Rab8 25.Rxa6  1/2-1/2

[Event "Balatonbereny op"]
[Site "Balatonbereny"]
[Date "1988.??.??"]
[Round "10"]
[White "Rashkovsky, Nukhim N"]
[Black "Krasenkow, Michal"]
[Result "1/2-1/2"]
[WhiteElo "2490"]
[BlackElo "2460"]

1.Nf3 Nf6 2.d4 g6 3.g3 Bg7 4.Bg2 O-O 5.O-O d5 6.c4 c6 7.cxd5 cxd5 8.Nc3 Ne4
9.Ne5 Nxc3 10.bxc3 Nc6 11.Nxc6 bxc6  1/2-1/2

[Event "URS-ch otbor56"]
[Site "Blagoveshchensk"]
[Date "1988.??.??"]
[Round "?"]
[White "Krasenkow, Michal"]
[Black "Glek, Igor V"]
[Result "1/2-1/2"]
[WhiteElo "2485"]
[BlackElo "2500"]

1.c4 e5 2.Nc3 Bb4 3.Qc2 Nf6 4.Nf3 Qe7 5.e3 O-O 6.a3 Bxc3 7.Qxc3 e4 8.Nd4 d5
9.b4 a5 10.Bb2 axb4 11.axb4 Rxa1+ 12.Bxa1 c5 13.bxc5 Qxc5 14.Bb2 Re8 15.Nb3 Qc7
16.Be2 b6 17.g4 Rd8 18.g5 Ne8 19.h4 dxc4 20.Nd4 Rd5 21.h5 Rxg5 22.h6 b5 23.hxg7 Qb6
24.Qb4 Qd6 25.Qa5 Qc7 26.Qb4 Qd6 27.Qa5 Qc7 28.Qb4 Qc5 29.Qa5 Qc7 30.Qb4  1/2-1/2

[Event "URS-ch otbor56"]
[Site "Blagoveshchensk"]
[Date "1988.??.??"]
[Round "?"]
[White "Krasenkow, Michal"]
[Black "Muratov, Vladimir A"]
[Result "1-0"]
[WhiteElo "2485"]
[BlackElo "2215"]

1.d4 Nf6 2.c4 g6 3.Nc3 Bg7 4.e4 d6 5.Be2 O-O 6.Nf3 Bg4 7.Bg5 Bxf3 8.Bxf3 Nc6
9.Ne2 Re8 10.Qd2 e5 11.d5 Nd4 12.Nxd4 exd4 13.O-O-O Qd7 14.Qf4 Nxe4 15.Bxe4 h6
16.Bh4 g5 17.Bxg5 hxg5 18.Qf5 Qa4 19.Kb1 b5 20.h4 d3 21.Rxd3 bxc4 22.Rf3 Re7
23.hxg5 Kf8 24.Qf6 Bxf6 25.gxf6 Ke8 26.Bf5 Kd8 27.fxe7+ Kxe7 28.Re1+ Kd8
29.Rg3 c6 30.Rg8+ Kc7 31.Rxa8 cxd5 32.Rxa7+ Qxa7 33.Re7+ Kb6 34.Rxa7 Kxa7
35.Bh7 d4 36.Bg8 Kb6 37.Bxf7 Kc5 38.g4 d3 39.g5 d5 40.g6 d4 41.g7 d2 42.Bh5  1-0

[Event "URS-ch otbor56"]
[Site "Blagoveshchensk"]
[Date "1988.??.??"]
[Round "?"]
[White "Zhuravliov, Valerij"]
[Black "Krasenkow, Michal"]
[Result "1/2-1/2"]
[WhiteElo "2375"]
[BlackElo "2485"]

1.e4 c5 2.f4 d5 3.exd5 Nf6 4.Bb5+ Nbd7 5.c4 a6 6.Bxd7+ Bxd7 7.Nf3 e6 8.dxe6 Bxe6
9.d3 Be7 10.O-O O-O 11.Nc3 Bf5 12.Ne5 Bd6 13.Kh1 Qc7 14.Qf3 Rfe8 15.h3 Rad8
16.Ng4 Nxg4 17.hxg4 Bd7 18.Nd5 Qa5 19.Qd1 Rb8 20.Bd2 Qd8 21.g5 Bc6 22.Bc3 Bxd5
23.cxd5 Re3 24.Qd2 Qe7 25.Rae1 Re8 26.g3 b5 27.Qf2 b4 28.Be5 Rxe1 29.Rxe1 f6
30.gxf6 gxf6 31.Bc3 Qf7 32.Rxe8+ Qxe8 33.Bxf6 Qf7 34.Bg5 h6 35.Bh4 Qxd5+
36.Qg2 Qxd3 37.b3 Bf8 38.Bf6 c4 39.bxc4 Qxc4 40.Be5 a5 41.Qd2 Qe6 42.Kh2 a4  1/2-1/2

[Event "URS-chT"]
[Site "Naberezhnie Chelni"]
[Date "1988.??.??"]
[Round "?"]
[White "Krasenkow, Michal"]
[Black "Makarov, Marat"]
[Result "1/2-1/2"]
[WhiteElo "2485"]
[BlackElo "2370"]

1.d4 Nf6 2.c4 e6 3.g3 Bb4+ 4.Bd2 c5 5.Bg2 Qb6 6.d5 exd5 7.cxd5 O-O 8.Nh3 d6
9.Nf4 Bxd2+ 10.Qxd2 Nbd7 11.O-O Ne5 12.Qc3 Bd7 13.Nd2 Rfe8 14.Rfe1 Rac8 15.b3  1/2-1/2

[Event "URS Cup rapid"]
[Site "Tallinn"]
[Date "1988.??.??"]
[Round "1"]
[White "Psakhis, Lev"]
[Black "Krasenkow, Michal"]
[Result "0-1"]
[WhiteElo "2550"]
[BlackElo "2460"]

1.Nf3 Nf6 2.g3 g6 3.b3 Bg7 4.Bb2 O-O 5.Bg2 d6 6.d4 e5 7.dxe5 Ng4 8.h3 Nxe5
9.Nxe5 Bxe5 10.Bxe5 dxe5 11.Qxd8 Rxd8 12.Nd2 c6 13.O-O-O Be6 14.Nc4 Rxd1+
15.Rxd1 Nd7 16.Na5 Rb8 17.Kb2 Kf8 18.c4 Ke8 19.b4 Kf8 20.Kc3 Nb6 21.a3 Na4+
22.Kc2 Nb6 23.Kc3 Na4+ 24.Kc2 Nb6 25.c5 Nd5 26.e4 Nc7 27.a4 Ke7 28.Kc3 f6
29.Rd6 Bd7 30.h4 Ne6 31.Bh3 Nxc5 32.bxc5 Bxh3 33.Rxc6 Rc8 34.Rxc8 Bxc8 35.Kb4 Kd8
36.f4 exf4 37.gxf4 h6 38.Nc4 g5 39.fxg5 fxg5 40.hxg5 hxg5 41.Kc3 Be6 42.Nd6 g4
43.Kd4 Bd7 44.a5 Kc7 45.Nc4 Bc6 46.Nd2 Kd7 47.Ke3 Ke6 48.Nb3 g3 49.a6 bxa6
50.Nd4+ Kd7 51.e5 Bd5 52.Ne2 a5 53.Nd4 a4 54.Kd2 g2 55.Ne2 Ke6 56.Kc3 Kxe5
57.Kb4 Ke4 58.Kxa4 Ke3 59.Ng1 Bc6+ 60.Ka5 Kf2 61.Nh3+ Kf1  0-1

[Event "URS Cup rapid"]
[Site "Tallinn"]
[Date "1988.??.??"]
[Round "2"]
[White "Krasenkow, Michal"]
[Black "Petrosian, Arshak B"]
[Result "1/2-1/2"]
[WhiteElo "2460"]
[BlackElo "2480"]

1.d4 d5 2.Nf3 Nf6 3.c4 e6 4.g3 dxc4 5.Bg2 a6 6.O-O Nc6 7.Na3 Bxa3 8.bxa3 Rb8
9.Bb2 b5 10.Qc2 Bb7 11.e4 O-O 12.Rad1 Ne7 13.d5 exd5 14.Bxf6 gxf6 15.exd5 Bxd5
16.Nh4 c6 17.Qc1 Ng6 18.Rd4 Re8 19.Qh6 Re5 20.f4 Qb6 21.Rd1 Re1+ 22.Rxe1 Qxd4+
23.Kf1 Nxh4 24.Qxh4 c3 25.Bxd5 cxd5 26.Qg4+ Kf8 27.Qf5 Re8 28.Rxe8+ Kxe8
29.Qc8+ Ke7  1/2-1/2

[Event "URS Cup rapid"]
[Site "Tallinn"]
[Date "1988.??.??"]
[Round "3"]
[White "Krasenkow, Michal"]
[Black "Novikov, Igor A"]
[Result "1/2-1/2"]
[WhiteElo "2460"]
[BlackElo "2485"]

1.Nf3 Nf6 2.c4 e6 3.g3 d5 4.d4 dxc4 5.Bg2 Bd7 6.Ne5 Bc6 7.Nxc6 Nxc6 8.O-O Qd7
9.e3 Rb8 10.Qe2 b5 11.a4 a6 12.axb5 axb5 13.b3 cxb3 14.Nd2 Be7 15.Nxb3 O-O
16.Bb2 Nb4 17.Rfc1 c6 18.Ba3 Nbd5 19.Bc5 Rfc8 20.Ra7 Rb7 21.Ra6 Rbc7 22.Qd2 Bxc5
23.Nxc5 Qd8 24.Qa5 Ne8 25.Nd3 Nd6 26.Rcxc6 Rxc6 27.Qxd8+ Rxd8 28.Rxc6 Ne7
29.Rc7 Kf8 30.Nc5 Rc8 31.Rd7 Nc4 32.Bf1 Nd5 33.Rb7 Nd6 34.Ra7 Rc7 35.Ra8+ Ke7
36.Bd3 g6 37.g4 h6 38.Rh8 Nf6 39.h3 h5 40.g5 Nfe8 41.f4 b4 42.e4 Nb7 43.Nxb7 Rxb7
44.f5 exf5 45.exf5 gxf5 46.g6 Nf6 47.g7 b3 48.d5 b2 49.d6+ Kxd6 50.Rh6 b1=Q+
51.Bxb1 Rxb1+ 52.Kf2 Ke7 53.Rxf6 Rb8 54.Rxf5 Rg8 55.Rxh5  1/2-1/2

[Event "URS Cup rapid"]
[Site "Tallinn"]
[Date "1988.??.??"]
[Round "4"]
[White "Kuzmin, Gennadi P"]
[Black "Krasenkow, Michal"]
[Result "1-0"]
[WhiteElo "2475"]
[BlackElo "2460"]

1.d4 Nf6 2.c4 g6 3.Nc3 d5 4.Nf3 Bg7 5.e3 O-O 6.cxd5 Nxd5 7.Bc4 Nb6 8.Bb3 N8d7
9.a4 a5 10.O-O e5 11.Qe2 Qe7 12.Bc2 exd4 13.Nxd4 Nf6 14.Rd1 Rd8 15.e4 Ng4
16.Nf3 Be6 17.Bg5 Rxd1+ 18.Rxd1 Qb4 19.Nd5 Bxd5 20.exd5 Qxb2 21.d6 cxd6 22.Rb1 Qa2
23.Rxb6  1-0

[Event "URS Cup rapid"]
[Site "Tallinn"]
[Date "1988.??.??"]
[Round "6"]
[White "Vaganian, Rafael A"]
[Black "Krasenkow, Michal"]
[Result "0-1"]
[WhiteElo "2625"]
[BlackElo "2460"]

1.Nf3 Nf6 2.c4 e6 3.g3 a6 4.Bg2 b5 5.b3 c5 6.Nc3 Qb6 7.O-O Bb7 8.d3 Be7 9.e4 d6
10.h3 Nc6 11.Be3 Nd4 12.Rb1 e5 13.Nh4 b4 14.Ne2 Nd7 15.Bd2 Bxh4 16.gxh4 O-O
17.f4 f5 18.Ng3 fxe4 19.Nxe4 Nf6 20.f5 Bc6 21.Bg5 Nxe4 22.dxe4 Qb7 23.Qg4 h5
24.Qxh5 Nxf5 25.Qg4 Nd4 26.h5 Qd7 27.Qxd7 Bxd7 28.Be7 Rfe8 29.Bg5 a5 30.h6 gxh6
31.Bxh6 Re6 32.Bg5 Rg6 33.h4 a4 34.Rf2 Ne6 35.Bc1 Bc6 36.Kh2 Ra7 37.h5 Rh7
38.h6 Ng5 39.Bxg5 Rxg5 40.Re1 Rxh6+ 41.Kg1 axb3 42.axb3 Rh3 43.Ref1 Rxb3
44.Rf8+ Kh7 45.R8f7+ Rg7 46.Rxg7+ Kxg7 47.Rd1 Rc3 48.Kf2 b3 49.Rb1 Rc2+ 50.Kf3 Rxg2
51.Rxb3 Rd2  0-1

[Event "URS Cup rapid"]
[Site "Tallinn"]
[Date "1988.??.??"]
[Round "8"]
[White "Krasenkow, Michal"]
[Black "Mikhalchishin, Adrian"]
[Result "1-0"]
[WhiteElo "2460"]
[BlackElo "2490"]

1.d4 d5 2.Nf3 Nf6 3.c4 dxc4 4.Nc3 e6 5.Qa4+ Nbd7 6.e4 c5 7.d5 exd5 8.e5 d4
9.exf6 dxc3 10.Bxc4 Qxf6 11.Bg5 Qc6 12.O-O-O cxb2+ 13.Kxb2 f6 14.Rhe1+ Kd8
15.Bb5 Qb6 16.Ka1 fxg5 17.Bxd7 Kc7 18.Bxc8 Rxc8 19.Ne5 Qe6 20.Qxa7 Bd6 21.Qa5+ Kb8
22.Nc6+ Rxc6 23.Rxe6 Bc7 24.Qe1  1-0

[Event "URS Cup rapid"]
[Site "Tallinn"]
[Date "1988.??.??"]
[Round "11"]
[White "Krasenkow, Michal"]
[Black "Gavrikov, Viktor"]
[Result "1/2-1/2"]
[WhiteElo "2460"]
[BlackElo "2545"]

1.d4 Nf6 2.c4 g6 3.Nc3 d5 4.Nf3 Bg7 5.cxd5 Nxd5 6.e4 Nxc3 7.bxc3 c5 8.Rb1 O-O
9.Be2 cxd4 10.cxd4 Qa5+ 11.Bd2 Qxa2 12.O-O b6 13.Qc1 Bb7 14.Bc4 Qa4 15.Bb5 Qa2
16.Bc4  1/2-1/2

[Event "Vilnius"]
[Site "Vilnius"]
[Date "1988.??.??"]
[Round "?"]
[White "Serper, Grigory"]
[Black "Krasenkow, Michal"]
[Result "1/2-1/2"]
[WhiteElo "2450"]
[BlackElo "2460"]

1.e4 c5 2.Nf3 Nc6 3.d4 cxd4 4.Nxd4 Nf6 5.Nc3 e5 6.Ndb5 d6 7.Bg5 a6 8.Na3 b5
9.Nd5 Be7 10.Bxf6 Bxf6 11.c3 O-O 12.Nc2 Nb8 13.Be2 Bb7 14.Bg4 Bg5 15.O-O Ra7
16.a4 bxa4 17.Rxa4 Nd7 18.Bxd7 Qxd7 19.Ra3 a5 20.Qd3 Rb8 21.b4 Bxd5 22.Qxd5 axb4
23.Rxa7 Qxa7 24.Nxb4 Qc5 25.Qd3 Ra8 26.Rb1 g6 27.g3 Bd8 28.Nd5 Ra2 29.Qf3 Qa7
30.Kg2 Kg7 31.h4 h5 32.Qe3 Qxe3 33.Nxe3 Kf6 34.Rb8 Ke7 35.Nd5+ Kd7 36.Rb7+ Ke6
37.Rb8 Kd7 38.Rb7+  1/2-1/2

[Event "Vilnius"]
[Site "Vilnius"]
[Date "1988.??.??"]
[Round "?"]
[White "Akopian, Vladimir"]
[Black "Krasenkow, Michal"]
[Result "1/2-1/2"]
[WhiteElo "2460"]
[BlackElo "2460"]

1.e4 e5 2.Nf3 Nc6 3.Bb5 a6 4.Ba4 Nf6 5.O-O Nxe4 6.d4 b5 7.Bb3 d5 8.dxe5 Be6
9.Nbd2 Be7 10.c3 O-O 11.Bc2 f5 12.Nb3 Qd7 13.Re1 a5 14.Bd3 Rab8 15.Qe2 a4
16.Nbd4 Nxd4 17.Nxd4 c6 18.f3 Nc5 19.Bc2 b4 20.Bd2 b3 21.axb3 axb3 22.Bd1 Ra8
23.Rxa8 Rxa8 24.Be3 Rb8 25.Qd2 Kf7 26.Be2 Ra8 27.c4 dxc4 28.Nxe6 Qxe6 29.Bxc5 Bxc5+
30.Kh1 Ra4 31.Rc1 Qxe5 32.Bxc4+ Kg6 33.Bxb3 Be3 34.Rxc6+ Kh5 35.Qe1 Rh4 36.g3 Re4
37.Re6 Qxe6 38.Bxe6 Rxe6 39.b4 Kg6 40.Kg2 Kf7 41.Qb1 g6 42.Qb2 Bb6 43.Qh8 h5
44.Qh7+ Ke8 45.Qh8+ Ke7 46.Qc8 Bd8 47.Kh3 Rb6 48.Qc5+ Ke8 49.Qd5 Ke7 50.b5 Re6
51.Qb7+ Ke8 52.Qg7 Rb6 53.Qe5+ Kf7 54.Qd4 Ke8 55.Kg2 Re6 56.Qd5 Ke7 57.Kf1 Bb6
58.f4 Bd8 59.Qb7+ Ke8 60.Qh7 Bb6 61.Qg8+ Ke7 62.Qg7+ Ke8 63.Qh7 Bd8 64.h4 Bb6
65.g4 hxg4 66.h5 gxh5 67.Qxh5+ Ke7 68.Qg5+ Ke8 69.Qxf5 Rd6 70.Qh5+ Ke7 71.Qxg4 Bd8
72.Ke2 Rb6 73.Qg5+ Ke8 74.Qe5+ Kd7 75.Kd3 Rd6+ 76.Kc4 Rf6 77.Kd5 Rb6 78.Qg7+ Ke8
79.Kc5 Rf6 80.Qg8+ Kd7 81.Qh7+ Ke8 82.f5 Be7+ 83.Kd5 Bd8 84.Ke5 Rb6 85.Qh8+ Kd7
86.Qg7+ Kc8 87.Qg4 Kc7 88.Qg6 Kd7 89.Qf7+ Kc8 90.Qg8 Kd7 91.Qf7+ Kc8 92.Qe8 Kc7
93.Kd5 Rf6 94.Kc4 Kc8 95.Kb4 Kc7 96.Kc4 Kc8 97.Kd4 Kc7 98.Ke5 Rb6 99.Qf7+ Kc8  1/2-1/2

[Event "Vilnius"]
[Site "Vilnius"]
[Date "1988.??.??"]
[Round "?"]
[White "Malisauskas, Vidmantas"]
[Black "Krasenkow, Michal"]
[Result "1/2-1/2"]
[WhiteElo "2390"]
[BlackElo "2460"]

1.e4 c5 2.Nf3 Nc6 3.d4 cxd4 4.Nxd4 Nf6 5.Nc3 e5 6.Ndb5 d6 7.Bg5 a6 8.Na3 b5
9.Bxf6 gxf6 10.Nd5 f5 11.Bd3 Be6 12.O-O Bxd5 13.exd5 Ne7 14.Nxb5 Bg7 15.Nc3 e4
16.Bc4 Qa5 17.Qd2 Rc8 18.Bb3 Bxc3 19.bxc3 Qxc3 20.Qh6 Kd7 21.Rae1 Rcg8 22.Qe3 Qxe3
23.Rxe3 Ng6 24.f3 Nh4 25.Ba4+ Kd8 26.fxe4 Rxg2+ 27.Kh1 Rhg8 28.exf5 R8g4
29.Bc6 Rxc2 30.Rb1 Rb4 31.Re8+ Kc7 32.Re7+ Kc8 33.Rg1 Ng6 34.fxg6 Rbb2 35.Rd1 Rxh2+
36.Kg1 Rbg2+  1/2-1/2

[Event "Vilnius"]
[Site "Vilnius"]
[Date "1988.??.??"]
[Round "?"]
[White "Krasenkow, Michal"]
[Black "Gelfand, Boris"]
[Result "1/2-1/2"]
[WhiteElo "2460"]
[BlackElo "2505"]

1.d4 Nf6 2.c4 e6 3.Nf3 d5 4.Nc3 dxc4 5.e3 a6 6.a4 c5 7.Bxc4 Nc6 8.O-O Be7
9.dxc5 Qxd1 10.Rxd1 Bxc5 11.Nd4 Bd7 12.Nxc6 Bxc6 13.b3 Ke7 14.Bb2 Rhd8 15.Ne2 Rxd1+
16.Rxd1 Rd8 17.Rxd8 Kxd8 18.Bd4 Bxd4 19.Nxd4 Bd5 20.Bxd5 Nxd5 21.Kf1 Kc7
22.Ke2 Kd6  1/2-1/2

[Event "Vilnius"]
[Site "Vilnius"]
[Date "1988.??.??"]
[Round "?"]
[White "Krasenkow, Michal"]
[Black "Epishin, Vladimir"]
[Result "1/2-1/2"]
[WhiteElo "2460"]
[BlackElo "2475"]

1.Nf3 Nf6 2.c4 e6 3.d4 d5 4.g3 c6 5.Bg2 Nbd7 6.Nbd2 b6 7.O-O Bb7 8.Qc2 Be7
9.e4 Nxe4 10.Nxe4 dxe4 11.Qxe4 O-O 12.Bf4 Nf6 13.Qe2 c5 14.Rfd1 cxd4 15.Nxd4 Qc8
16.a3 Bxg2 17.Kxg2 Qb7+ 18.Qf3 Qxf3+ 19.Kxf3 Rfc8 20.Rac1 a6 21.g4 h6 22.h4 Ra7
23.b4 Rb7 24.g5 hxg5 25.hxg5 Nh7 26.g6 Nf8 27.gxf7+ Kxf7 28.Ke4 Nd7 29.Nf3 Ke8
30.Ne5 Nxe5 31.Bxe5 g5 32.Bd6  1/2-1/2

[Event "Noviki-A"]
[Site "Budapest"]
[Date "1989.??.??"]
[Round "?"]
[White "Krasenkow, Michal"]
[Black "Tolnai, Tibor"]
[Result "1/2-1/2"]
[WhiteElo "2525"]
[BlackElo "2480"]

1.d4 Nf6 2.c4 e6 3.g3 c5 4.d5 exd5 5.cxd5 d6 6.Nc3 g6 7.Bg2 Bg7 8.Nf3 O-O
9.Nd2 a6 10.a4 Nbd7 11.Nc4 Nb6 12.Na3 Bd7 13.Bd2 Nxa4 14.Nxa4 b5 15.Nc3 b4
16.Nc4 bxc3 17.bxc3 Qe7 18.Nb6 Ra7 19.Nxd7 Nxd7 20.O-O Rb8 21.Ra2 Nb6 22.e4 a5
23.Qc2 Nc4 24.Bf4 Qb7 25.Rfa1 Qb3 26.Qxb3 Rxb3 27.Bf1 Rxc3 28.Bxc4 Rxc4 29.Rxa5 Bxa1
30.Rxa7 Be5 31.Bxe5 dxe5 32.d6  1/2-1/2

[Event "Noviki-A"]
[Site "Budapest"]
[Date "1989.??.??"]
[Round "?"]
[White "Krasenkow, Michal"]
[Black "Horvath, Jozsef"]
[Result "1/2-1/2"]
[WhiteElo "2525"]
[BlackElo "2510"]

1.d4 Nf6 2.Nf3 e6 3.g3 c5 4.Bg2 cxd4 5.Nxd4 d5 6.O-O e5 7.Nb3 Be6 8.Nc3 Be7
9.f4 exf4 10.gxf4 g6 11.Nd4 Bg4 12.Qd3 Nc6 13.h3  1/2-1/2

[Event "Noviki-A"]
[Site "Budapest"]
[Date "1989.??.??"]
[Round "?"]
[White "Krasenkow, Michal"]
[Black "Brunner, Lucas"]
[Result "1/2-1/2"]
[WhiteElo "2525"]
[BlackElo "2425"]

1.d4 d5 2.c4 e6 3.Nf3 c5 4.cxd5 exd5 5.g3 Nf6 6.Bg2 Be7 7.O-O O-O 8.Nc3 Nc6
9.b3 Ne4 10.Bb2 Bf6 11.Na4 Re8 12.Rc1 cxd4 13.Nxd4 Bxd4 14.Bxd4 Bf5 15.Nc5 Qe7
16.e3 Rad8 17.Re1 Nxc5 18.Bxc5 Qe6 19.Bd4 Be4 20.f3 Bf5 21.g4 Bg6 22.Qd2 h5
23.h3 hxg4 24.hxg4 Qe7 25.Bf1  1/2-1/2

[Event "Noviki-A"]
[Site "Budapest"]
[Date "1989.??.??"]
[Round "?"]
[White "Krasenkow, Michal"]
[Black "Bass, Leonid"]
[Result "1/2-1/2"]
[WhiteElo "2525"]
[BlackElo "2430"]

1.d4 d5 2.Nf3 Nf6 3.c4 dxc4 4.Nc3 c5 5.d5 e6 6.e4 exd5 7.e5 Nfd7 8.Bg5 Be7
9.Bxe7 Qxe7 10.Nxd5 Qd8 11.Bxc4 O-O 12.O-O Nc6 13.Re1 Nb6 14.Nxb6 axb6 15.Qc2 Bg4
16.Qe4 Bxf3 17.Qxf3 Qd4 18.Qc3 Rfe8 19.e6 fxe6 20.Rad1 Qxc3 21.bxc3 b5 22.Bxe6+ Kh8
23.Kf1 b4 24.cxb4 Nxb4 25.Bc4 Rxe1+ 26.Rxe1 g6 27.Re7 b5 28.Bxb5 Rxa2 29.g4 Rd2
30.g5 Rd5 31.h4 h6 32.gxh6  1/2-1/2

[Event "Noviki-A"]
[Site "Budapest"]
[Date "1989.??.??"]
[Round "?"]
[White "Kosten, Anthony C"]
[Black "Krasenkow, Michal"]
[Result "0-1"]
[WhiteElo "2500"]
[BlackElo "2525"]

1.e4 e5 2.Nf3 Nc6 3.Bb5 a6 4.Ba4 Nf6 5.d4 exd4 6.O-O Be7 7.e5 Ne4 8.Nxd4 O-O
9.Nf5 d5 10.Bxc6 bxc6 11.Nxe7+ Qxe7 12.Re1 Bb7 13.f3 Nc5 14.Qd4 Ne6 15.Qf2 c5
16.b3 f5 17.Bb2 g5 18.Nd2 Rf7 19.Rad1 Rg7 20.c4 d4 21.Nf1 g4 22.f4 h5 23.b4 h4
24.Rd3 Qd7 25.bxc5 Qc6 26.Bc1 Rh7 27.Re2 Qxc5 28.Rb3 Bc6 29.Ba3 Qxc4 30.Be7 Rxe7
31.Rc2 Qd5 32.Qxh4 Rh7 33.Qf6 Rf8 34.Qg6+ Rg7 35.Qh6 Be8 36.Rb8 Rh7 37.Rd8 Nxd8
38.Qxa6 Ne6 39.Ng3 Nxf4 40.Rf2 d3  0-1

[Event "EUCup Las Palmas-Moscow"]
[Site "Las Palmas"]
[Date "1989.??.??"]
[Round "?"]
[White "Krasenkow, Michal"]
[Black "Brito, Alfredo"]
[Result "1-0"]
[WhiteElo "2525"]
[BlackElo "2360"]

1.Nf3 d5 2.d4 Nf6 3.c4 e6 4.Nc3 Be7 5.Bg5 Nbd7 6.cxd5 exd5 7.e3 c6 8.Qc2 h6
9.Bh4 O-O 10.Bd3 Re8 11.O-O Ne4 12.Bxe4 Bxh4 13.Bh7+ Kh8 14.Bd3 Bf6 15.b4 Nb6
16.b5 Bg4 17.bxc6 Bxf3 18.cxb7 Rb8 19.gxf3 Rxb7 20.a4 Rc7 21.a5 Nc4 22.Bxc4 Rxc4
23.Qb3 Bh4 24.Ne2 Qf6 25.Kg2 Qg6+ 26.Ng3 Rec8 27.Qb7 Qe6 28.Qxa7 Rc2 29.Qb7 R2c7
30.Qb5 Ra7 31.Rfc1 Rca8 32.Rc5 Bd8 33.Rxd5 Bxa5 34.Re5 Qf6 35.Re8+ Rxe8 36.Qxe8+ Kh7
37.Rc1 Bc7 38.Rc6 Qg5 39.f4 Qg4  1-0

[Event "Lillafured"]
[Site "Lillafured"]
[Date "1989.??.??"]
[Round "?"]
[White "Krasenkow, Michal"]
[Black "Van Mil, Johannes A J"]
[Result "1-0"]
[WhiteElo "2525"]
[BlackElo "2370"]

1.c4 e5 2.Nc3 Bb4 3.Qb3 Nc6 4.Nf3 d6 5.e3 Nf6 6.a3 Bc5 7.Qc2 a5 8.b3 O-O
9.Bb2 Bg4 10.Be2 Qd7 11.O-O Rae8 12.d3 h6 13.Rfd1 Bf5 14.Nd5 Qd8 15.Bc3 Ba7
16.Nxf6+ Qxf6 17.b4 Bb6 18.Qb2 Qe7 19.Re1 axb4 20.axb4 Nd8 21.d4 e4 22.Nd2 c6
23.b5 Bc7 24.b6 Bb8 25.d5 f6 26.Nf1 Nf7 27.Ng3 Bh7 28.Bg4 Ne5 29.Be6+ Kh8
30.Qe2 f5 31.Nh5 Qg5 32.Kh1 Bg8 33.Bxg8 Kxg8 34.Nf4 Ng4 35.h3 Ne5 36.f3 exf3
37.gxf3 Qg3 38.Rg1 Qxf3+ 39.Qxf3 Nxf3 40.Rxg7+ Kh8 41.Ng6+  1-0